Anthropological Measurements of Philosophical Research (Запис № 422146)
[ простий вигляд ]
| 000 -Лідер | |
|---|---|
| fixed length control field | 01315nam a22002657a 4500 |
| 003 - Ідентифікатор контрольного номера | |
| control field | UA-OsUOA |
| 001 - Контрольний номер | |
| control field | 137754 |
| 007 - Фіксоване поле фізичного опису | |
| fixed length control field | ta |
| 008 - Елементи даних фіксованої довжини – загальна інформація | |
| fixed length control field | 20190612b un ||||| |||| 00| 0 ukr d |
| 090 ## - Локальний шифр розміщення | |
| Авторський знак (НП) | A-67 |
| 040 ## - Джерело каталогізації | |
| Агенція оригінальної каталогізації | UA-OsUOA |
| Мова каталогізації | eng |
| Агенція, яка здійснювала перезапис | UA-OsUOA |
| Агенція, яка здійснювала модифікацію | UA-OsUOA |
| 041 ## - Код мови | |
| Код мови тексту/ звукової доріжки чи окремого заголовка (П) | eng |
| 022 ## - Міжнародний стандартний серіальний номер (ISSN) | |
| Міжнародний стандартний серіальний номер (ISSN) | 2304-9685 |
| 245 ## - Відомості про назву | |
| Назва (НП) | Anthropological Measurements of Philosophical Research |
| Решта назви (НП) | The Proceedings Scientific publication supports an open access policy |
| Дані про відповідальність (НП) | Editor in Chief Volodymyr V. Khmil, Dnipro National University of Railway Transport named after Academician V. Lazaryan, Ukraine |
| 260 ## - Публікація, розповсюдження і т.п. (Вихідні дані) | |
| Дата публікації, розповсюдження і т.п. (П) | 2017 |
| 246 31 - Інша форма назви | |
| Назва (НП) | 2 |
| Номер частини/ розділ роботи (П) | |
| 520 3# - Резюме і т.п. | |
| Резюме, реферат, анотація, тощо (НП) | Field of science and issues in focus: The collection includes the papers, which illuminate and comprehend new facets of human existence at the beginning of the new century. Particular attention concentrates on the forms of their manifestation and refl |
| 520 3# - Резюме і т.п. | |
| Резюме, реферат, анотація, тощо (НП) | ection in the science, culture, technology and language philosophy. The collection is intended for the research organizations employees, engineering employees, research and educational personnel, as well as for the doctoral candidates, postgraduates a |
| 520 3# - Резюме і т.п. | |
| Резюме, реферат, анотація, тощо (НП) | nd for the higher school students.. |
| 650 #7 - Додаткове предметне введення – тематичний термін | |
| Джерело заголовка чи терміна | UDC |
| 856 40 - Електронне місцезнаходження та доступ | |
| Уніфікований ідентифікатор ресурсу (П) | http://ampr.diit.edu.ua/issue/view/6594 |
| 942 ## - Додаткові елементи входу (Коха) | |
| Тип елемента Koha | Номер журналу |
| 955 ## - Код типу видання за змістом | |
| Код типу видання за змістом (НП) | Наукові видання |
| 962 ## - Рік початку публікації | |
| -- | 2012 |
Немає доступних примірників.